| 000 | 00433nam a2200181Ia 4500 | ||
|---|---|---|---|
| 001 | 22822 | ||
| 005 | 20260414150856.0 | ||
| 008 | 260414t1996||||xx |||||||||||||| ||spa|| | ||
| 041 | _aESP | ||
| 082 |
_a624.15 _bT69 |
||
| 100 |
_aTomlinson, M. J. _eAUT |
||
| 245 | 0 |
_aCimentaciones : _bdiseño y construcción |
|
| 260 | _c1996 | ||
| 300 |
_a555 páginas : _c27 cm. |
||
| 650 | _a0 | ||
| 654 | _aCIC | ||
| 942 |
_cLIB _dJUS _fJUS _2ddc _n |
||
| 999 |
_c22822 _d22822 |
||